Normal view
MARC view
- SENTER, TOM
Entry Personal Name
001 - CONTROL NUMBER
- control field: 75470
003 - CONTROL NUMBER IDENTIFIER
- control field: NUST
005 - DATE AND TIME OF LATEST TRANSACTION
- control field: 20210628205422.0
008 - FIXED-LENGTH DATA ELEMENTS
- fixed length control field: 210628|| aca||aabn | a|a d
040 ## - CATALOGING SOURCE
- Original cataloging agency: NUST
- Transcribing agency: NUST
100 ## - HEADING--PERSONAL NAME
- Personal name: SENTER, TOM
670 ## - SOURCE DATA FOUND
- Source citation: Work cat.: (NUST): SENTER, TOM, ENGINE ANNUAL POPULAR HOT RODDING'S, 1982
